| 000 | 01026cab a2200265 4500 | ||
|---|---|---|---|
| 001 | ABS45533 | ||
| 008 | 090401t1991 xxu||||| |||| 00| 0 eng d | ||
| 035 | _a(Sirsi) u53601 | ||
| 041 | _aeng | ||
| 100 | _aPaterson, F.A. | ||
| 245 | _aCollateral warranties and joint liability | ||
| 260 | _c1991 | ||
| 350 | _a0 | ||
| 490 |
_aLaw Society`s Gazette _v88(43) 27 November 1991, 42-43(2) |
||
| 520 | _aDiscusses the dangers of joint liability and alternative solutions such as obtaining contractual commitment that other warranties will be drawn up, the use of the standard form of warranty between design consultants and financiers or the net contribution clause. | ||
| 650 | _aARCHITECTS | ||
| 650 | _aBUILT ENVIRONMENT-BUILDING CONTRACT FORMS-CONSTRUCTION COLLATERAL WARRANTY FORMS | ||
| 650 | _aJOINT LIABILITY | ||
| 650 | _aNEGLIGENCE | ||
| 650 | _aNET CONTRIBUTION CLAUSES | ||
| 650 | _aPROFESSIONAL LIABILITY | ||
| 690 | _aBUILT ENVIRONMENT-BUILDING CONTRACT FORMS | ||
| 942 | _n0 | ||
| 948 | _c04/03/1997 | ||
| 999 |
_c33019 _d33019 |
||